| 000 | 01050nam a22002417a 4500 | ||
|---|---|---|---|
| 005 | 20180313061554.0 | ||
| 008 | 131008s2013 sp ad frn 001 0dspa | ||
| 020 | _a9788479039707 | ||
| 040 |
_aCO-BoUCM _bspa _cAngélica Rojas _dAldemar Mondragón |
||
| 041 | 0 | 0 | _aspa |
| 060 | _aWL 140 | ||
| 100 | 1 |
_aZamorano Zárate, Eduardo _947709 |
|
| 245 | 0 | 0 |
_aMovilización neuromeníngea tratamiento de los trastornos mecanosensitivos del sistema nervioso _cEduardo Zamorano Zárate |
| 260 |
_aMadrid (España) _bMédica Panamericana _c2013 |
||
| 300 |
_axviii, 232 páginas _bilustraciones y gráficas |
||
| 504 | _aIncluye referencias bibliográficas e índices | ||
| 650 | 2 |
_aEnfermedades de los músculos _xTratamiento _948042 |
|
| 650 | 2 |
_aEnfermedades del sistema nervioso _xTratamiento _941007 |
|
| 650 | 2 |
_aSistema nervioso _xEnfermedades _948041 |
|
| 690 |
_942886 _aNeurología |
||
| 856 | 4 | 0 |
_uwww.medicapanamericana/fisioterapia/zamorano _zEste recurso requiere clave, solicitela en la USEB |
| 942 |
_a15 _cLIBRO _e1 _mZ25m _2NLM _hWL 140 _n0 |
||
| 999 |
_c181690 _d181690 |
||